Govt. of
Madhya Pradesh

Paradigms In Indian History (Record no. 14340)

MARC details
000 -LEADER
fixed length control field 004800000a22001930004500
001 - CONTROL NUMBER
control field 002428
003 - CONTROL NUMBER IDENTIFIER
control field MACL
005 - DATE AND TIME OF LATEST TRANSACTION
control field 20151023153537.0
008 - FIXED-LENGTH DATA ELEMENTS--GENERAL INFORMATION
fixed length control field 151023b xxu||||| |||| 00| 0 eng d
040 ## - CATALOGING SOURCE
Original cataloging agency MACL
Transcribing agency MACL
041 ## - LANGUAGE CODE
Language code of text/sound track or separate title English
082 ## - DEWEY DECIMAL CLASSIFICATION NUMBER
Classification number 934/VAI
100 ## - MAIN ENTRY--PERSONAL NAME
Personal name Vaikuntham, Y.
9 (RLIN) 618
245 ## - TITLE STATEMENT
Title Paradigms In Indian History
Statement of responsibility, etc. Y. Vaikuntham
260 ## - PUBLICATION, DISTRIBUTION, ETC. (IMPRINT)
Place of publication, distribution, etc. Hyderabad
Date of publication, distribution, etc. 2003
Name of publisher, distributor, etc. Felicitation committee,
350 ## - PRICE (NR) (BK AM CF MU VM SE) [OBSOLETE]
Price 500
650 ## - SUBJECT ADDED ENTRY--TOPICAL TERM
Topical term or geographic name as entry element History
9 (RLIN) 16505
942 ## - ADDED ENTRY ELEMENTS (KOHA)
Call number prefix 934
Koha item type Books
Source of classification or shelving scheme
Holdings
Withdrawn status Lost status Source of classification or shelving scheme Damaged status Not for loan Home library Current library Date acquired Cost, normal purchase price Total Checkouts Full call number Barcode Date last seen Uniform Resource Identifier Price effective from Koha item type
          MACL MACL 15/04/2015 500.00   934/VAI CRE019726 02/05/2024 14223 15/04/2015 Books